| 000 | 00850nam a2200217Ii 4500 | ||
|---|---|---|---|
| 003 | JO-AjNU | ||
| 008 | 230605s9999||||xx |||||||||||||| ||und|| | ||
| 017 | _a2012/3633 | ||
| 020 | _a978-977-473-018-4 | ||
| 040 |
_aJO-AjNU _bara _erda _cJO-AjNU |
||
| 041 | _aara | ||
| 050 | 1 | 4 | _aHJ197 2012 |
| 100 | 3 |
_aاعداد: المهايني، محمد خالد, _eauthor _934423 |
|
| 245 | 0 | 0 | _aالاتجاهات الحديثة للموازنة العامة للدولة تجارب عربية مقارنة |
| 264 | 3 | 1 | _aالقاهرة: المنظمة العربية للتنمية الادارية، 2012 |
| 300 |
_a501ص _bيحتوي على ملاحق و ببلوغرافية من ص 461-501ص |
||
| 336 |
_atext _btxt _2rdacontent |
||
| 337 |
_aunmediated _bn _2rdamedia |
||
| 338 |
_avolume _bnc _2rdacarrier |
||
| 650 | 4 |
_aالميزانية _934424 |
|
| 999 |
_aA14113 _c17681 _d17681 |
||